| 000 | 00985nam a2200229 i 4500 | ||
|---|---|---|---|
| 001 | 136323 | ||
| 003 | ES-MaACL | ||
| 005 | 20250925063043.0 | ||
| 007 | t| | ||
| 008 | 070214s1944 sp r ||||1| spa d | ||
| 080 | _a341.223.1(460) | ||
| 080 | _a341.223.1(469) | ||
| 100 | 1 |
_aRumeu de Armas, Antonio, _d1912-2006 _9100991 |
|
| 245 | 1 | 4 |
_aLos tratados de partición del océano entre España y Portugal : _bintervención de la diplomacia española / _cconferencia pronunciada por el señor Don Antonio Rumeu de Armas, catedrático de historia de España de la Universidad de Barcelona el 14 de octubre de 1943. |
| 260 |
_aMadrid : _bEscuela Diplomática, _c1944. |
||
| 300 |
_a28 p. ; _c23 cm. |
||
| 595 | _aEn cub.: Del volumen Conferencias del curso 1943-44. | ||
| 651 |
_aAmérica- _xDescubrimientos y exploraciones- _vTratados, convenios, etc. _97702 |
||
| 710 | 2 |
_aEscuela Diplomática (España) _93563 |
|
| 852 |
_aES-MaACL _j1851-F-12 |
||
| 999 |
_c136323 _d136323 |
||